[Event "Lopota FIDE GP (Women)"]
[Site "Lopota"]
[Date "2014.06.26"]
[Round "7"]
[White "Muzychuk, Anna"]
[Black "Koneru, Humpy"]
[Result "1/2-1/2"]
[WhiteElo "2561"]
[BlackElo "2613"]
[Annotator "CB"]
[PlyCount "77"]
[EventDate "2014.06.19"]
[EventType "tourn"]
[EventRounds "11"]
[EventCountry "GEO"]
[EventCategory "11"]
[SourceTitle "CBM 161 Extra"]
[Source "ChessBase"]
[SourceDate "2014.08.29"]
[SourceVersion "1"]
[SourceVersionDate "2014.08.29"]
[SourceQuality "1"]

1. e4 e5 2. Nf3 Nf6 3. Nxe5 d6 4. Nf3 Nxe4 5. d4 d5 6. Bd3 Nc6 7. O-O Be7 8.
Nc3 Bf5 9. Re1 Nxc3 10. bxc3 Bxd3 11. Qxd3 O-O 12. Rb1 Na5 13. Bf4 c6 14. c4
dxc4 15. Qe4 Bf6 16. Bd2 c3 17. Bxc3 Nc4 18. Ne5 Nd6 19. Qg4 Re8 20. Nd7 Rxe1+
21. Rxe1 Bg5 22. h4 $5 {A bluff, maybe?} Bh6 (22... Bxh4 23. d5 Qg5 $17 {
It is hard to see where White's compensation is.}) 23. Bb4 f5 24. Qg3 Qxd7 25.
Bxd6 Rd8 26. Bc7 Rf8 27. Bf4 (27. Qb3+ $1 Qf7 28. Re6 $1 $16 {It is hard for
Black to untangle.}) 27... Bxf4 28. Qxf4 g6 29. h5 Re8 30. Re5 b5 31. h6 Kf7
32. Rxe8 Kxe8 33. Qb8+ Kf7 34. Qh8 Ke6 35. Qe5+ Kf7 36. Qg7+ Ke6 37. Qe5+ Kf7
38. Qg7+ Ke6 39. Qe5+ 1/2-1/2

[Event "Tbilisi FIDE GP"]
[Site "Tbilisi"]
[Date "2015.02.26"]
[Round "10"]
[White "Radjabov, Teimour"]
[Black "Giri, Anish"]
[Result "1/2-1/2"]
[WhiteElo "2731"]
[BlackElo "2797"]
[Annotator "CB"]
[PlyCount "106"]
[EventDate "2015.02.15"]
[EventType "tourn"]
[EventRounds "11"]
[EventCountry "GEO"]
[EventCategory "20"]
[SourceTitle "CBM 165"]
[Source "ChessBase"]
[SourceDate "2015.03.11"]
[SourceVersion "1"]
[SourceVersionDate "2015.03.11"]
[SourceQuality "1"]

1. e4 e5 2. Nf3 Nf6 3. Nxe5 d6 4. Nf3 Nxe4 5. d4 d5 6. Bd3 Be7 7. O-O Nc6 8. c4
Nb4 9. Be2 O-O 10. Nc3 Bf5 11. a3 Nxc3 12. bxc3 Nc6 13. Re1 Re8 14. Bf4 dxc4
15. Bxc4 Bd6 16. Rxe8+ Qxe8 17. Ng5 Bg6 18. Bxd6 cxd6 19. h4 Qe7 20. Qg4 h6 21.
Nh3 Qe4 22. Nf4 (22. Qg3 {is another idea.}) 22... Ne5 23. dxe5 Qxc4 24. e6
fxe6 {The first new move of the game. These kind of deep lines were somewhat
popular in the Petroff many years ago, but, mainly due to the popularity of 4.
Nc3, they have died off somewhat.} 25. Qxg6 Qxf4 26. Qxe6+ Kh8 27. Rd1 Rf8 28.
f3 Qxh4 29. Rxd6 {Even though the players keep going for a while, it's almost
impossible for either side to make progress. White is pretty active, but if he
ever takes a pawn it's very likely he will run into a perpetual check, while
Black has no good way of using his rook for now, and if he does he too will
face a perpetual check.} Qg5 30. Rd7 Qc5+ 31. Kh2 Qh5+ 32. Kg1 Re8 33. Qg4 Qxg4
34. fxg4 b6 35. Rxa7 Rc8 36. Ra6 Rxc3 37. Rxb6 Rxa3 38. Kh2 Kh7 39. Rc6 Rd3 40.
Ra6 Kg8 41. Ra7 Re3 42. Rb7 Kf8 43. g5 hxg5 44. Rb5 Kf7 45. Rxg5 Kf6 46. Ra5 g5
47. g4 Rb3 48. Rf5+ Kg6 49. Kg2 Rb4 50. Kg3 Rb3+ 51. Kg2 Rb4 52. Kg3 Rb3+ 53.
Kg2 Rb4 1/2-1/2

[Event "Moscow Tal Memorial 5th"]
[Site "Moscow"]
[Date "2010.11.08"]
[Round "4"]
[White "Nakamura, Hikaru"]
[Black "Kramnik, Vladimir"]
[Result "1/2-1/2"]
[WhiteElo "2729"]
[BlackElo "2790"]
[Annotator "CB"]
[PlyCount "66"]
[EventDate "2010.11.05"]
[EventType "tourn"]
[EventRounds "9"]
[EventCountry "RUS"]
[EventCategory "21"]
[SourceTitle "CBM 139"]
[Source "ChessBase"]
[SourceDate "2010.11.18"]
[SourceVersion "1"]
[SourceVersionDate "2010.11.18"]
[SourceQuality "1"]

1. e4 e5 2. Nf3 Nf6 3. Nxe5 d6 4. Nf3 Nxe4 5. Nc3 Nxc3 6. dxc3 Be7 7. Be3 O-O
8. Qd2 Nd7 9. O-O-O Re8 {#In spite of the fact that Gelfand has played this
more than once and got nothing but misery for his insistence, Kramnik decides
to try his hand at this line and see whether he cannot do better.} 10. h4 c6
11. Bd3 Nf6 12. Rde1 d5 13. Bd4 c5 14. Bxf6 Bxf6 15. Qf4 Be6 16. Ng5 g6 17. Bb5
Rf8 18. Nxe6 fxe6 19. Rxe6 Bxc3 20. Qg4 Bg7 {#} 21. h5 $1 {Hardly encouraging
for Black.} c4 {A computer might coldly analyze this to a clear evaluation,
but a human will unquestionably worry about a6-b5 capturing the bishop.} 22.
hxg6 h6 23. Rd1 (23. Rhe1 $1 {was stronger, threatening Re7.} a6 {no longer
works due to} 24. Be8 {and Bf7+}) 23... Qa5 (23... a6 $2 24. Bxc4 $1) 24. Rxd5
Qxa2 25. Bxc4 Qxb2+ 26. Kd1 Kh8 27. f3 a5 28. Rd7 a4 {#The engines affirm this
is clearly better for white, but let's face it, this position could EASILY go
sour.} 29. Qh4 Qb1+ 30. Kd2 Qb4+ 31. Kd1 Qb1+ 32. Kd2 Qb4+ 33. Kd1 Qb1+ 1/2-1/2

[Event "Bazna Kings 3rd"]
[Site "Bazna"]
[Date "2009.06.14"]
[Round "1"]
[White "Radjabov, Teimour"]
[Black "Gelfand, Boris"]
[Result "1/2-1/2"]
[WhiteElo "2756"]
[BlackElo "2733"]
[Annotator "CB"]
[PlyCount "63"]
[EventDate "2009.06.14"]
[EventType "tourn"]
[EventRounds "10"]
[EventCountry "ROU"]
[EventCategory "20"]
[SourceTitle "CBM 131"]
[Source "ChessBase"]
[SourceDate "2009.07.15"]
[SourceVersion "1"]
[SourceVersionDate "2009.07.15"]
[SourceQuality "1"]

1. e4 e5 2. Nf3 Nf6 3. Nxe5 d6 4. Nf3 Nxe4 5. d4 d5 6. Bd3 Nc6 7. O-O Be7 8.
Re1 Bg4 9. c4 Nf6 10. Nc3 Bxf3 11. Qxf3 Nxd4 12. Qd1 Ne6 13. cxd5 Nxd5 14. Bb5+
c6 15. Nxd5 cxb5 16. Qb3 O-O 17. Be3 Bc5 18. Rad1 Bxe3 19. Rxe3 Qa5 20. Qc2 {#}
Rfe8 (20... Qxa2 {suddenly runs into a mate with a queen sacrifice:} 21. Ne7+
Kh8 22. Qxh7+ $1 Kxh7 23. Rh3#) 21. f4 b4 (21... Qxa2 {is again bad idea:} 22.
f5 Nf8 23. Rg3 Kh8 24. Qc3 {with a winning attack}) 22. f5 Nf8 23. Ne7+ {
Only this is a new move.} ({Leko-Gelfand, Nalchik 2009 continued} 23. Red3 Nd7
24. Qc7 Qc5+ 25. Kf1 Qb5 26. Qg3 Ne5 27. f6 g6 28. Qg5 {with a very strong
attack for White. Undoubtedly Gelfand analyzed all this and had an improvement
in mind. But Radjabov is the first one to deviate.}) 23... Kh8 24. Qc4 ({After
} 24. Rde1 {Black can choose between} Ne6 ({or} 24... Qb6 25. Kh1 Red8 26. Qb3
Qf6 27. Qxb4 Rd7 {in both cases with acceptable positions.})) 24... Ne6 25. Nd5
Qc5 26. Qxb4 Qxb4 27. Nxb4 Nc5 28. Nd5 Rxe3 29. Nxe3 {The endgame is slightly
better for White.} h5 30. f6 ({Another good try to fight for advantage was} 30.
b4 Re8 31. Nf1 Ne4 32. Rd7) 30... Ne4 31. fxg7+ ({Again White had an
attractive alternative:} 31. Rd7) 31... Kxg7 {#} 32. Kf1 ({Now after 32...Re8
Black equalizes and that's why the Azerbaijani GM offered a draw. As Radjabov
stated after the game, Black would have still had problems to solve after} 32.
Rd7 Rc8 {and now a move that escaped Radjabov' attention:} 33. h4 $1 ({Teimour
didn't want to make a move like} 33. Kf1 {which would have offered Black some
tactical possibilities})) 1/2-1/2

[Event "Bazna Kings 3rd"]
[Site "Bazna"]
[Date "2009.06.16"]
[Round "3"]
[White "Ivanchuk, Vassily"]
[Black "Gelfand, Boris"]
[Result "1/2-1/2"]
[WhiteElo "2746"]
[BlackElo "2733"]
[Annotator "CB"]
[PlyCount "73"]
[EventDate "2009.06.14"]
[EventType "tourn"]
[EventRounds "10"]
[EventCountry "ROU"]
[EventCategory "20"]
[SourceTitle "CBM 131"]
[Source "ChessBase"]
[SourceDate "2009.07.15"]
[SourceVersion "1"]
[SourceVersionDate "2009.07.15"]
[SourceQuality "1"]

1. e4 e5 2. Nf3 Nf6 3. Nxe5 d6 4. Nf3 Nxe4 5. Bd3 {This variation is known to
lead to quiet positions and the present game changed nothing in that respect.}
Nf6 6. O-O Be7 7. c3 O-O 8. Bc2 Bg4 9. d4 Nbd7 10. Nbd2 Re8 {#} 11. Nc4 {
This is Ivanchuk's mini-improvement in this harmless opening variation. White
doesn't spend time for h2-h3 and transfers the knight to f5 with tempo.} (11.
h3 {is the move met previously.}) 11... Bh5 12. Ne3 Bf8 13. Nf5 c6 14. a4 d5 {
The knight on f5 is White's only achievement. However, the pawn structure is
simmetrical and Black has no weaknesses at all, so the position is equal
anyway.} 15. Bf4 Ne4 16. Ng3 {Black knight on e4 is strong as well, so
Ivanchuk exchanges it.} Bg6 17. Re1 Bd6 18. Bxd6 Nxd6 19. Rxe8+ Qxe8 20. h4 f6
21. Bxg6 hxg6 22. a5 Nf8 23. Qc2 Qd7 24. Nf1 Re8 25. Ne3 a6 26. g3 Qh3 27. Re1
Re4 28. Qd3 Nf5 29. Ng2 Rxe1+ 30. Nfxe1 Qg4 31. Nc2 Nd6 32. Nce3 Qf3 33. Qc2
Kf7 34. Nf4 Ne4 35. Nf1 Nd6 36. Qb3 Ne6 37. Nd2 {#} ({After} 37. Nd2 Qg4 38.
Nxe6 Kxe6 39. Kf1 f5 {it is Black who has a small initiative.}) 1/2-1/2

[Event "Morelia/Linares 23rd"]
[Site "Morelia/Linares"]
[Date "2006.03.08"]
[Round "12"]
[White "Leko, Peter"]
[Black "Bacrot, Etienne"]
[Result "1/2-1/2"]
[WhiteElo "2740"]
[BlackElo "2717"]
[Annotator "CB"]
[PlyCount "81"]
[EventDate "2006.02.18"]
[EventType "tourn"]
[EventRounds "14"]
[EventCountry "ESP"]
[EventCategory "20"]
[SourceTitle "CBM 112"]
[Source "ChessBase"]
[SourceDate "2006.06.07"]
[SourceVersion "1"]
[SourceVersionDate "2006.06.07"]
[SourceQuality "1"]

1. e4 e5 2. Nf3 Nf6 3. Nxe5 d6 4. Nf3 Nxe4 5. d4 d5 6. Bd3 Nc6 7. O-O Be7 8. c4
Nb4 9. Be2 O-O 10. a3 Nc6 11. cxd5 Qxd5 12. Nc3 Nxc3 13. bxc3 Bf5 14. Re1 Rfe8
15. Bf4 Rac8 {#} 16. Bd3 ({Leko chooses a quiet continuation. In San Luis he
tried the sharp} 16. h3 Be4 17. Nd2 {but eventually lost, Leko-Anand, San Luis
2005.}) 16... Qd7 17. Rb1 Bxd3 18. Qxd3 b6 19. d5 Bf6 20. c4 h6 21. h3 {
#All these moves have already been played several times at top level. White's
position is more active, but the central tandem of pawns is not easy to
advance.} Ne7 ({The following game is a good illustration of Black's
micro-problems in this structure:} 21... Re7 22. Rbd1 Rd8 23. Rxe7 Nxe7 24. Ne5
Bxe5 25. Bxe5 Re8 26. Bg3 Nf5 $6 27. Bxc7 $1 Qxc7 28. Qxf5 Qxc4 29. d6 {
with advantage for White, Leko-Anand, Linares 2003}) 22. Ne5 Bxe5 23. Bxe5 Nf5
24. Bb2 f6 25. Bc3 $5 {Not really a loss of time. Once the long diagonal has
been safely defended, the bishop needs to be transferred to another location.}
Nd6 26. Bd2 Rxe1+ 27. Rxe1 Re8 28. Rc1 Qf5 29. Qxf5 Nxf5 30. Bf4 Re7 {#} 31. g4
({Leko might have hoped that he would manage to force the enemy knight occupy
a passive position. Since the course of the game will prove the failure of his
plan, the prophilactic move} 31. Kf1 {, preparing c5, deserves being mentioned.
}) 31... Nd4 32. Kf1 Kf7 33. Be3 Nb3 34. Rc3 Na5 35. c5 Rd7 36. Bf4 {
#Apparently, White has obtained a clear advantage. He has certain queen side
pressure , while the knight is quite passive. For instance, 36...Rxd5 would be
met by 37.Bxc7, when the hanging position of the knight prevents the capture
of the c5-pawn.} b5 $1 {By taking the c4-square under control, Black solves
all his problems.} 37. Rd3 ({In case of} 37. c6 Rxd5 38. Bxc7 Nc4 {White's
c-pawn would be quite weak, in view of the threat ...Rc5.}) 37... Nc6 38. Bxc7
{Leko probably feared that his far advanced pawns would become weak and
decided to call it day already.} Rxc7 39. dxc6 Rxc6 40. Rd7+ Kg6 41. Rxa7
1/2-1/2

[Event "WchT 9th"]
[Site "Antalya"]
[Date "2013.12.03"]
[Round "7.4"]
[White "Baramidze, David"]
[Black "Akobian, Varuzhan"]
[Result "0-1"]
[WhiteElo "2614"]
[BlackElo "2625"]
[Annotator "CB"]
[PlyCount "94"]
[EventDate "2013.11.26"]
[EventType "team-tourn"]
[EventRounds "9"]
[EventCountry "TUR"]
[SourceTitle "CBM 158"]
[Source "ChessBase"]
[SourceDate "2014.01.16"]
[SourceVersion "1"]
[SourceVersionDate "2014.01.16"]
[SourceQuality "1"]
[WhiteTeam "Germany"]
[BlackTeam "US of America"]
[WhiteTeamCountry "GER"]
[BlackTeamCountry "USA"]

1. e4 e5 2. Nf3 Nf6 3. Nxe5 d6 4. Nf3 Nxe4 5. Nc3 {Um nach dem Tausch auf c3
und späterer langer Rochade ein bisschen Leben in die Russische Verteidigung
zu bringen.} Nxc3 ({Möglich ist auch} 5... Nf6) 6. dxc3 Be7 7. Bf4 O-O ({
Vorsichtigere Naturen spielen} 7... Nc6 8. Qd2 Be6 9. O-O-O Qd7 {1/2-1/2 (53)
Radjabov,T (2756)-Kramnik,V (2759) Baku 2009}) 8. Qd2 b6 {Ein Zug, der bisher
tatsächlich an dieser Stelle noch nicht gespielt wurde.} ({Die Hauptvariante
entsteht nach} 8... Nd7 9. O-O-O Nc5 10. Be3 Re8 11. Bc4 Be6 12. Bxe6 Nxe6 13.
h4 Qd7 14. Qd5 Qc6 15. Qf5 Qc4 16. Kb1 g6 17. Qh3 h5 18. Nd2 Qe2 19. Rde1 Qg4
20. Qh2 d5 21. f3 Qa4 22. g4 Bd6 23. Qf2 hxg4 24. fxg4 Qxg4 25. Reg1 Qh5 26.
Nf3 Re7 27. Bg5 Ree8 $11 {Anand,V (2799)-Kramnik,V (2799) Wijk aan Zee 2008,
½-½ (61)}) 9. O-O-O Bb7 10. h4 Nd7 ({Nach} 10... Bxf3 11. gxf3 {würde sich
Weiß über die offene g-Linie freuen und nach} Bxh4 $2 {über die sofortige
Aufgabe des Gegners wegen} 12. Qd5 c6 13. Qh5 $18) 11. Nd4 Nc5 12. Re1 (12. Nf5
Bf6 13. f3 Qd7 {bringt Weiß nichts ein.}) 12... Bf6 13. Bb5 (13. f3 $5) 13...
a6 14. Nc6 $5 {Das war die Idee von Lb5.} (14. Bc6 $2 Bxd4 15. Bxb7 Bxf2 16.
Qxf2 Nxb7 {kostet einen Bauern.}) 14... Qd7 (14... Qc8 $5 {ist angesichts der
Springergabel riskant, war aber spielbar und zieht komplizierte Varianten nach
sich:} 15. Bg5 {und nun:} (15. Ne7+ $4 Bxe7 16. Rxe7 axb5 {kostet natürlich
eine Figur.}) 15... axb5 (15... Bxg5 $2 16. hxg5 Re8 17. g6 {um über g5 mit
der Dame auf die h-Linie zu kommen.} hxg6 18. Qg5 Rxe1+ 19. Rxe1 Bxc6 20. Bxc6
Rb8 21. Re8+ (21. Rh1 $2 Qd8 22. Qg4 Ne6 23. Qh3 Qg5+ 24. Kb1 Qh6 $11) 21...
Qxe8 22. Bxe8 Rxe8 $16 {Mit wohl nur geringen Gewinnchancen für Weiß.}) 16.
Bxf6 Qg4 (16... gxf6 $4 17. Ne7+) 17. Ne7+ Kh8 18. Qg5 Qxg5+ 19. hxg5 Bxg2 (
19... gxf6 20. g6) 20. Rh2 Be4 21. f3 Bxf3 (21... Bg6 22. Nxg6+ fxg6 23. Re7
$14) (21... gxf6 22. fxe4 fxg5 23. e5 $11) 22. g6 fxg6 (22... gxf6 23. Rxh7#)
23. Nxg6+ Kg8 24. Nxf8 Rxf8 25. Be7 Re8 $15) 15. Ne7+ Qxe7 16. Rxe7 axb5 17.
Rhe1 ({Weiß hat keine Zeit, den Turm wegzuziehen, z.B.:} 17. Rxc7 Rxa2 18. b4
(18. Kb1 Rfa8 {ergibt Matt.}) 18... Ne4 19. Qe1 (19. Qe3 Ra1+ 20. Kb2 Rxh1 21.
Rxb7 Nxc3 22. Qxc3 {es droht Matt durch Tb1.} Bxc3+ 23. Kxc3 Rxh4 $17) 19...
Ra1+ 20. Kb2 Rxe1 21. Rxe1 Bxc3+ 22. Rxc3 Nxc3 23. Kxc3 Rc8+ 24. Kb2 Bxg2 $15)
17... Bxe7 (17... Rxa2 $2 18. Kb1 Rfa8 {scheitert an} 19. Re8+ $19) 18. Rxe7
Rxa2 19. Qe3 Ra1+ 20. Kd2 Bxg2 (20... Ne6 $5 {ergibt nach} 21. Rxe6 fxe6 22.
Qxe6+ Rf7 {ein forciertes Remis.} 23. Qe8+ Rf8 24. Qe6+) 21. h5 ({Interessant
war} 21. b4 Ne6 22. Bh6 $1 gxh6 (22... Kh8 23. Qg3) 23. Qg3+ Kh8 24. Qxg2 {
aber die weißen Bauern sind kaum mobil und der Turm ist derzeit eingesperrt.})
21... Rh1 22. h6 Rh3 23. f3 (23. hxg7 Ra8 (23... Rxe3 24. gxf8=Q+ Kxf8 25. Rxe3
$11) 24. Qe2) 23... Rxf3 24. Qd4 $2 {Wenn Schwarz jetzt nicht den folgenden
Trick in petto hätte, stünde Weiß auf Gewinn, aber...} (24. Qg1 Rxf4 25.
hxg7 Kxg7 26. Qxg2+ Kh8 27. Qg5 $11) 24... Rd3+ {Egal, was Weiß zieht - die
Dame ist weg.} 25. Qxd3 (25. cxd3 Nb3+ $19) 25... Nxd3 26. cxd3 Rc8 {Bilanz:
Schwarz hat drei Bauern mehr. Die ungleichfarbigen Läufer und die ungünstige
Verteilung der Bauernmehrheiten bereiten aber noch ein paar technische
Probleme.} 27. Re3 Bd5 28. Rg3 ({Zäher war} 28. Re7 {z.B.:} g6 29. Bg5 Be6 30.
d4 Kf8 31. Ke3 $17) 28... g6 29. Bg5 Kf8 30. Re3 Be6 {Nun lässt Schwarz den
Turm nicht mehr in die Stellung.} 31. d4 d5 32. Re1 Ra8 33. Ke3 Ra2 34. Kf4
Rxb2 35. Ra1 Ke8 36. Ra8+ Kd7 {Mit einem schwarzen Bauern auf c6 statt b5
wäre es Matt... Die Eroberung des Bauern h7 macht aber auch noch etwas
Hoffnung.} 37. Rh8 Rf2+ ({Präziser war} 37... Rg2 38. Rxh7 (38. Bf6 Rf2+ 39.
Ke3 (39. Ke5 Rf5#) 39... Rxf6 $19) (38. Bd8 Rf2+ 39. Ke3 Rc2 40. Kd3 Bf5+ $19)
(38. Rd8+ Kc6 39. Be7 Rh2 $19) 38... Rg4+ 39. Ke3 Rxg5 $19) 38. Kg3 Rc2 39.
Rxh7 Rxc3+ 40. Kg2 Rh3 {Provoziert...} 41. Rxf7+ Bxf7 42. Kxh3 Bg8 43. Kg4 b4
44. Bd2 b3 45. Bc3 Ke6 46. Kg5 Bh7 47. Bb2 c5 {So hatte sich Schwarz das
ausgerechnetet.} 0-1

[Event "Morelia/Linares 23rd"]
[Site "Morelia/Linares"]
[Date "2006.02.22"]
[Round "4"]
[White "Svidler, Peter"]
[Black "Bacrot, Etienne"]
[Result "1-0"]
[WhiteElo "2765"]
[BlackElo "2717"]
[Annotator "CB"]
[PlyCount "117"]
[EventDate "2006.02.18"]
[EventType "tourn"]
[EventRounds "14"]
[EventCountry "ESP"]
[EventCategory "20"]
[SourceTitle "CBM 112"]
[Source "ChessBase"]
[SourceDate "2006.06.07"]
[SourceVersion "1"]
[SourceVersionDate "2006.06.07"]
[SourceQuality "1"]

1. e4 e5 2. Nf3 Nf6 3. Nxe5 d6 4. Nf3 Nxe4 5. Nc3 Nxc3 6. dxc3 {#This method
of play against the Petroff becomes more and more popular. Instead of trying
to prove (and, what's even more difficult, convert) a strategic superiority in
the main lines, White aims for rapid piece development in a position with open
centre.} Be7 7. Bf4 ({This move is aimed to prevent a further knight jump to
e5. Svidler has nice memories with} 7. Be3 O-O 8. Qd2 Nc6 9. O-O-O Ne5 10. h4
Re8 11. h5 Bf6 12. Kb1 a6 13. Nh2 b5 14. Be2 Bb7 15. f4 Nd7 16. Bf3 Bxf3 {
and now the paradoxical} 17. gxf3 $5 {led to an interesting fight in
Svidler-Kramnik, Moscow 2005, which eventually ended with White's win.}) 7...
O-O 8. Qd2 Nd7 9. O-O-O Nc5 10. Be3 {Now that the knight has defined its plans,
the bishop retreats to a more stable square.} Re8 11. Bc4 Be6 12. Bxe6 Nxe6 13.
h4 {An important element of White's plan. White intends to activate his rook
by means of either Rh3-g3 or Ng5 and if N(B)xg5, then hxg5.} Qd7 14. Qd3 Qa4
15. Ng5 Nf8 {#} 16. Qd5 ({A strong novelty. White allows the exchange of
queens, but improves his structure of pawns dramatically.} 16. Kb1 c6 17. Qf5
f6 18. Ne6 Nxe6 19. Qxe6+ Kh8 20. Qf7 Qe4 21. h5 Rf8 {was OK for Black in
Todorovic-Antic, Kopaonik 2005.}) 16... Bxg5 17. hxg5 Qe4 18. c4 Qxd5 19. cxd5
{In spite of simplifications, White retains a huge advantage of space on both
wings. This will allow him to radically activate his rooks.} Nd7 20. Rd3 f6 21.
Rc3 Rac8 22. Rh4 Re7 23. Rhc4 Nb6 24. Bxb6 axb6 25. gxf6 gxf6 26. a4 {#There
are several elements that define White's clear advantage: his active rooks,
Black's numerous weaknesses as well as the already mentioned advantage of
space.} Kf8 27. Kd2 Rg7 28. g3 Ke8 29. Rf3 Rg6 30. Rh4 h6 31. Re4+ Kd7 32. Re6
Rf8 33. c4 h5 34. Rf5 Rg4 35. b3 {#} h4 {Possibly fearing the activation of
the white king, Black decides to abandon his passivity at the cost of one pawn.
} 36. gxh4 Rxh4 37. Rfxf6 Rxf6 38. Rxf6 Ke7 39. Re6+ Kf7 40. Re3 Rh1 41. Rf3+
Ke7 42. Ke3 Re1+ 43. Kf4 Kf6 44. Rh3 Re2 45. Rh7 Rxf2+ 46. Ke3 Rb2 47. Rxc7
Rxb3+ 48. Kd4 Rb4 49. Rd7 Rxa4 50. Rxd6+ Ke7 51. Rxb6 Ra7 52. c5 Kd8 53. Ke5
Kc7 54. Rh6 {#With a normal placement of pieces, Black should hold this
position. However, with such an extremely passive rook, he is just lost.} Ra5
55. Rh7+ Kb8 56. Rh8+ Ka7 57. d6 Rxc5+ 58. Ke6 Rc6 59. Ke7 1-0